000
00298nam a22001217a 4500
008
211127b ||||| |||| 00| 0 eng d
020
_a
9789381345030
050
_a
791
_b
1
245
_a
Voices Of The Talking Stars
260
_a
New Delhi
_b
SAGE Publications
_c
2017
300
_a
1
942
_2
ddc
_c
BK
999
_c
11921
_d
11921